U.S. Cities by Letter - C (Map Quiz) - Statistics

General Stats
  • This quiz has been taken 1,492 times
  • The average score is 16 of 20
Answers on the Map
Answers color-coded by a green-red scale on the quiz's map according to % correct below.
 
Answer Stats
Answer % Correct
Chicago
97%
Cincinnati
93%
Charlotte
90%
Cleveland
90%
Colorado Springs
90%
Carson City
88%
Corpus Christi
86%
Columbus
85%
Cape Coral
84%
Chesapeake
82%
Chattanooga
81%
Cedar Rapids
80%
Chula Vista
79%
Cheyenne
76%
Charlottesville
69%
Chandler
68%
Coeur d'Alene
68%
College Station
68%
Casper
66%
Clarksville
59%
No matching quizzes found
Score Distribution
Percent of People with Each Score
Percentile by Number Answered
Your Score History
You have not taken this quiz